Turbo Pascal, V5.0 príručka programátora

Bibliographic Details
Format: Book
Language:Slovak
PhysicalDescription:372 s. Tb. Sch. 21 cm
Published: Žilina Dom techniky ČSVTS 1990
ISBN:8023100580
Edition:1. vyd.

MARC

LEADER 00000nam a2200000 a 4500
001 vtls001061568
003 SK-MaSNL
005 20260224013425.0
008 250414s1990 xo 0 slo
015 |a SNBA1990/07 
020 |a 8023100580 
035 |a SNK000004396 
040 |a SNK  |b slo  |c SNK  |e AACR2 
041 0 |a slo 
044 |a xo  |c SK 
080 |a 519.68(082)  |2 1981 
245 0 0 |a Turbo Pascal, V5.0  |b príručka programátora 
250 |a 1. vyd. 
260 |a Žilina  |b Dom techniky ČSVTS  |c 1990  |e Žilina  |f Dom techniky ČSVTS 
300 |a 372 s.  |b Tb. Sch.  |c 21 cm 
366 |e 250 výtl. 
500 |a Rozmn. 
852 |a Slovenská národná knižnica 
919 |a 80-231-0058-0 
954 |a Turbo Pascal V5.0 (jazyk program.)  |a programovanie 
958 |a RM 
958 |a OND 
999 |c 790366  |d 792296 
952 |t P60, <04>, [BOOK], {604}  |a SNK  |b SNK  |y VYP  |7 0  |p 17A0361499  |o snkSC 77008 D1  |i snkKSP 13152/2002  |0 0  |1 0  |4 0  |d 2002-10-31  |l 0  |r 2004-12-31 00:00:00  |w 2026-02-24 
952 |a SNK  |b SNK  |y PREZ  |7 0  |p 17A0965686  |o snkSC 77008   |0 0  |1 0  |4 0  |d 2012-08-13  |l 0  |r 2026-02-24 01:34:25  |w 2026-02-24